[Event "Montigny le Bretonneux-A 14th"]
[Site "Montigny le Bretonneux"]
[Date "2015.10.23"]
[Round "7.1"]
[White "Nicolleau, Mathias"]
[Black "Etrog, Jonathan"]
[Result "1/2-1/2"]
[WhiteElo "1895"]
[BlackElo "2216"]
[PlyCount "56"]
[EventDate "2015.10.17"]
[EventType "tourn"]
[EventRounds "9"]
[EventCountry "FRA"]
[SourceTitle "EXT 2024"]
[Source "ChessBase"]
[SourceDate "2023.10.10"]
[SourceVersion "1"]
[SourceVersionDate "2023.10.10"]
[SourceQuality "1"]

1. e4 e6 2. d4 d5 3. Nd2 Nc6 4. Ngf3 Nf6 5. e5 Nd7 6. Nb3 a5 7. a4 Be7 8. Bb5 Na7 9. Bd3 b6 10. 0-0 c5 11. c4 Bb7 12. Bf4 Rc8 13. Rc1 h6 14. h3 Qc7 15. Qe2 Bc6 16. Nbd2 Qb8 17. Rfe1 Qa8 18. cxd5 Bxd5 19. Be4 cxd4 20. Rxc8+ Nxc8 21. Nxd4 Na7 22. Nb5 Nxb5 23. Qxb5 Bb4 24. Rd1 Qb7 25. Bxd5 Qxd5 26. Qxd5 exd5 27. Nf3 Nc5 28. Rxd5 Nxa4 1/2-1/2

[Event "Montigny le Bretonneux 2nd"]
[Site "Montigny le Bretonneux"]
[Date "2014.10.23"]
[Round "6"]
[White "Etrog, Jonathan"]
[Black "Petkov, Vladimir"]
[Result "0-1"]
[WhiteElo "2255"]
[BlackElo "2528"]
[PlyCount "56"]
[EventDate "2014.10.18"]
[EventType "tourn"]
[EventRounds "9"]
[EventCountry "FRA"]
[EventCategory "5"]
[SourceTitle "EXT 2016"]
[Source "ChessBase"]
[SourceDate "2015.10.08"]
[SourceVersion "1"]
[SourceVersionDate "2015.10.08"]
[SourceQuality "1"]

1. c4 e5 2. g3 Nc6 3. Nc3 g6 4. Bg2 Bg7 5. e4 d6 6. Nge2 Be6 7. d3 Qd7 8. Nd5 Nce7 9. d4 c6 10. Nxe7 Nxe7 11. d5 Bh3 12. dxc6 bxc6 13. 0-0 Bxg2 14. Kxg2 0-0 15. Nc3 Qe6 16. b3 f5 17. Ba3 Rad8 18. f3 h5 19. Qd3 Rf7 20. Rad1 Bf8 21. Rd2 f4 22. Rfd1 g5 23. Qe2 Ng6 24. c5 g4 25. Rd3 fxg3 26. hxg3 h4 27. fxg4 hxg3 28. Bc1 Rf2+ 0-1

[Event "Montigny le Bretonneux 2nd"]
[Site "Montigny le Bretonneux"]
[Date "2014.10.22"]
[Round "5"]
[White "Savina, Anastasia"]
[Black "Etrog, Jonathan"]
[Result "1-0"]
[WhiteElo "2395"]
[BlackElo "2255"]
[PlyCount "75"]
[EventDate "2014.10.18"]
[EventType "tourn"]
[EventRounds "9"]
[EventCountry "FRA"]
[EventCategory "5"]
[SourceTitle "EXT 2016"]
[Source "ChessBase"]
[SourceDate "2015.10.08"]
[SourceVersion "1"]
[SourceVersionDate "2015.10.08"]
[SourceQuality "1"]

1. d4 Nf6 2. c4 c5 3. d5 e6 4. Nc3 exd5 5. cxd5 d6 6. Nf3 g6 7. Nd2 Nbd7 8. e4 Bg7 9. Be2 0-0 10. 0-0 Re8 11. f4 c4 12. Kh1 Nc5 13. e5 dxe5 14. fxe5 Rxe5 15. Nxc4 Re8 16. Bg5 Nce4 17. Nxe4 Rxe4 18. Qc2 Rd4 19. Qc3 Nxd5 20. Qxd4 Qxg5 21. Qc5 Be6 22. Rad1 b6 23. Qc6 Rc8 24. Qb7 Nf4 25. Nd6 Rf8 26. Bf3 Bxa2 27. g3 Ne6 28. Bg2 Nd4 29. Qxa7 Bd5 30. Ne4 Qe5 31. Rde1 Nc2 32. Nf6+ Qxf6 33. Bxd5 Qd6 34. Rd1 Qb8 35. Qxb8 Rxb8 36. Rxf7 Kh8 37. Bb3 Nd4 38. Rxg7 1-0

[Event "Montigny le Bretonneux 2nd"]
[Site "Montigny le Bretonneux"]
[Date "2014.10.20"]
[Round "3"]
[White "Kambrath, Yannick"]
[Black "Etrog, Jonathan"]
[Result "1-0"]
[WhiteElo "2267"]
[BlackElo "2255"]
[PlyCount "159"]
[EventDate "2014.10.18"]
[EventType "tourn"]
[EventRounds "9"]
[EventCountry "FRA"]
[EventCategory "5"]
[SourceTitle "EXT 2016"]
[Source "ChessBase"]
[SourceDate "2015.10.08"]
[SourceVersion "1"]
[SourceVersionDate "2015.10.08"]
[SourceQuality "1"]

1. d4 Nf6 2. c4 c5 3. d5 e6 4. Nc3 exd5 5. cxd5 d6 6. Nf3 g6 7. Bf4 a6 8. Nd2 b5 9. a4 b4 10. Nce4 Nxd5 11. Bxd6 Ne3 12. fxe3 Bxd6 13. Nc4 Be7 14. Ncd6+ Bxd6 15. Nxd6+ Ke7 16. Nxc8+ Qxc8 17. Qd5 Nd7 18. g3 Qc7 19. Bg2 Rac8 20. Qg5+ Kf8 21. Qh6+ Ke7 22. 0-0 Qe5 23. Rad1 Nf6 24. Rf4 Rhd8 25. Rdf1 Rd6 26. g4 g5 27. Rf5 Qxb2 28. e4 Qd4+ 29. Kh1 Nd7 30. Rxf7+ Kd8 31. Qxg5+ Kc7 32. e5 Re6 33. Qf5 Qxe5 34. Qf3 Re7 35. Rf5 Qxe2 36. Qb7+ Kd8 37. Rf8+ Re8 38. R8f7 Re7 39. Rf8+ Re8 40. R8f7 Re7 41. R7f2 Qe6 42. Rd1 Rc7 43. Rf8+ Re8 44. Rxe8+ Qxe8 45. Qb8+ Rc8 46. Qb6+ Ke7 47. Qd6+ Kd8 48. Bc6 Rc7 49. Qxc5 Qe6 50. Qf8+ Qe8 51. Qd6 Qg6 52. Qf8+ Qe8 53. Qf3 Qe6 54. Bxd7 Rxd7 55. Qf8+ Qe8 56. Rxd7+ Kxd7 57. Qxb4 Qe2 58. Qd4+ Ke7 59. Kg1 Qe1+ 60. Kg2 Qe2+ 61. Kg3 Qe1+ 62. Kf4 Qh4 63. Qe5+ Kd7 64. Kf5 h6 65. Qf4 Kd8 66. Qd4+ Kc7 67. Qf4+ Kb6 68. Qd4+ Kc7 69. Qc5+ Kb7 70. Qd5+ Kc8 71. Qc6+ Kb8 72. Qb6+ Kc8 73. Qxa6+ Kc7 74. Qc4+ Kb6 75. Qb4+ Kc7 76. Qf4+ Kb6 77. Kg6 Qh3 78. Qg3 Qf1 79. Qb3+ Kc7 80. Qf7+ 1-0

[Event "Montigny le Bretonneux 2nd"]
[Site "Montigny le Bretonneux"]
[Date "2014.10.18"]
[Round "1"]
[White "Jessel, Stephen"]
[Black "Etrog, Jonathan"]
[Result "1-0"]
[WhiteElo "2342"]
[BlackElo "2255"]
[PlyCount "57"]
[EventDate "2014.10.18"]
[EventType "tourn"]
[EventRounds "9"]
[EventCountry "FRA"]
[EventCategory "5"]
[SourceTitle "EXT 2016"]
[Source "ChessBase"]
[SourceDate "2015.10.08"]
[SourceVersion "1"]
[SourceVersionDate "2015.10.08"]
[SourceQuality "1"]

1. Nf3 Nf6 2. c4 c5 3. g3 d5 4. cxd5 Nxd5 5. Bg2 Nc6 6. Nc3 Nc7 7. a3 e5 8. b4 f6 9. Rb1 Bf5 10. b5 Nd4 11. d3 Rb8 12. 0-0 b6 13. Nh4 Bg4 14. h3 Bd7 15. e3 Nf5 16. Nxf5 Bxf5 17. Bc6+ Bd7 18. Qh5+ g6 19. Qf3 Bg7 20. d4 cxd4 21. exd4 Bxc6 22. Qxc6+ Qd7 23. dxe5 Qxc6 24. bxc6 fxe5 25. Rd1 Rd8 26. Bg5 Rxd1+ 27. Rxd1 Ne6 28. c7 0-0 29. Bd8 1-0

[Event "Montigny le Bretonneux Noel op 15th"]
[Site "Montigny le Bretonneux"]
[Date "2012.12.30"]
[Round "6"]
[White "Etrog, Jonathan"]
[Black "Debray, Christopher"]
[Result "1/2-1/2"]
[WhiteElo "2170"]
[BlackElo "2356"]
[PlyCount "30"]
[EventDate "2012.12.26"]
[EventType "swiss"]
[EventRounds "7"]
[EventCountry "FRA"]
[SourceTitle "CBM 152 Extra"]
[Source "ChessBase"]
[SourceDate "2013.02.25"]
[SourceVersion "1"]
[SourceVersionDate "2013.02.25"]
[SourceQuality "1"]

1. c4 Nf6 2. g3 g6 3. Bg2 Bg7 4. Nc3 0-0 5. d4 d6 6. Nf3 Nbd7 7. 0-0 e5 8. e4 exd4 9. Nxd4 Re8 10. h3 a6 11. Be3 Rb8 12. b3 c5 13. Nde2 b5 14. Qxd6 b4 15. Na4 Nxe4 1/2-1/2

[Event "FRA-ch Accession"]
[Site "Belfort"]
[Date "2010.??.??"]
[Round "4"]
[White "Buscara, Sevan"]
[Black "Etrog, Jonathan"]
[Result "1/2-1/2"]
[WhiteElo "2259"]
[BlackElo "2164"]
[PlyCount "30"]
[EventDate "2010.08.09"]
[EventType "swiss"]
[EventRounds "11"]
[EventCountry "FRA"]
[SourceTitle "CBM 138 Extra"]
[Source "ChessBase"]
[SourceDate "2010.10.29"]
[SourceVersion "1"]
[SourceVersionDate "2010.10.29"]
[SourceQuality "1"]

1. d4 Nf6 2. Bf4 c5 3. e3 cxd4 4. exd4 Qb6 5. Nc3 d6 6. Nf3 Bf5 7. Bb5+ Nbd7 8. 0-0 e6 9. Re1 Be7 10. d5 e5 11. Nxe5 dxe5 12. Rxe5 Ng4 13. Rxf5 Nxf2 14. Qe2 Nh3+ 15. Kh1 Nf2+ 1/2-1/2

[Event "FRA-ch Accession"]
[Site "Belfort"]
[Date "2010.??.??"]
[Round "7"]
[White "Etrog, Jonathan"]
[Black "Valles, Manuel"]
[Result "1/2-1/2"]
[WhiteElo "2164"]
[BlackElo "2242"]
[PlyCount "62"]
[EventDate "2010.08.09"]
[EventType "swiss"]
[EventRounds "11"]
[EventCountry "FRA"]
[SourceTitle "CBM 138 Extra"]
[Source "ChessBase"]
[SourceDate "2010.10.29"]
[SourceVersion "1"]
[SourceVersionDate "2010.10.29"]
[SourceQuality "1"]

1. c4 Nf6 2. Nc3 g6 3. g3 Bg7 4. Bg2 d6 5. d4 0-0 6. Nf3 Nbd7 7. 0-0 e5 8. e4 exd4 9. Nxd4 c6 10. h3 a5 11. Be3 Re8 12. Qc2 Nc5 13. Rad1 Qc7 14. Ndb5 cxb5 15. Nxb5 Qe7 16. Nxd6 Na6 17. Nxe8 Qxe8 18. a3 Nb8 19. e5 Nfd7 20. f4 Nc6 21. Rfe1 Nf8 22. Qb3 a4 23. Qb5 Bd7 24. Qxb7 Rb8 25. Qc7 Rc8 26. Qd6 Na5 27. c5 Nc4 28. Qd4 Nxe3 29. Qxe3 Ne6 30. c6 Bxc6 31. Bxc6 Rxc6 1/2-1/2

[Event "Montigny le Bretonneux Noel op 12th"]
[Site "Montigny le Bretonneux"]
[Date "2009.12.28"]
[Round "4"]
[White "Etrog, Jonathan"]
[Black "Ider, Borya"]
[Result "1/2-1/2"]
[WhiteElo "2145"]
[BlackElo "2230"]
[PlyCount "94"]
[EventDate "2009.12.26"]
[EventType "swiss"]
[EventRounds "7"]
[EventCountry "FRA"]
[SourceTitle "EXT 2011"]
[Source "ChessBase"]
[SourceDate "2010.11.26"]
[SourceVersion "1"]
[SourceVersionDate "2010.11.26"]
[SourceQuality "1"]

1. c4 e5 2. g3 Nc6 3. Nc3 g6 4. Bg2 Bg7 5. e4 d6 6. Nge2 Be6 7. Nd5 Qd7 8. d3 h6 9. Rb1 Nge7 10. b4 Nd8 11. d4 c6 12. Ne3 Bh3 13. Bxh3 Qxh3 14. d5 cxd5 15. Qa4+ Qd7 16. Qxd7+ Kxd7 17. cxd5 f5 18. f3 Nf7 19. 0-0 fxe4 20. fxe4 Ng5 21. Nc3 Rhf8 22. Bb2 Nf3+ 23. Kg2 Nd4 24. Rxf8 Rxf8 25. Rf1 h5 26. Rxf8 Bxf8 27. Kf2 Bh6 28. Nc4 Ng8 29. b5 Nf6 30. h3 Kc7 31. Ba3 Ne8 32. Bb2 Bg5 33. Ba3 Kd7 34. Kg2 Nc2 35. Bb2 Ne3+ 36. Nxe3 Bxe3 37. Nb1 Kc7 38. Na3 Bc5 39. Nc4 a6 40. a4 axb5 41. axb5 Kd7 42. b6 Ke7 43. Kf3 Nf6 44. Bc3 Nd7 45. Ba5 Kf6 46. Ke2 g5 47. Kf3 Kg6 1/2-1/2

[Event "Massy 21th op"]
[Site "Massy "]
[Date "2009.06.28"]
[Round "?"]
[White "Etrog, Jonathan"]
[Black "Dubessay, Bastien"]
[Result "0-1"]
[WhiteElo "2123"]
[BlackElo "2134"]
[PlyCount "85"]
[EventDate "2009.06.27"]
[EventType "swiss"]
[EventRounds "7"]
[EventCountry "FRA"]
[SourceTitle "EXT 2010"]
[Source "ChessBase"]
[SourceDate "2010.11.25"]
[SourceVersion "1"]
[SourceVersionDate "2010.11.25"]
[SourceQuality "1"]

1. c4 Nf6 2. Nc3 d5 3. cxd5 Nxd5 4. g3 g6 5. Bg2 Nxc3 6. bxc3 Bg7 7. Rb1 Nc6 8. Nf3 0-0 9. 0-0 b6 10. Qa4 Bb7 11. Ne5 Bxe5 12. Bxc6 Bxc6 13. Qxc6 Qd6 14. Qxd6 exd6 15. c4 c5 16. a4 f5 17. d3 Rfe8 18. Kg2 Kf7 19. Bd2 Rab8 20. Rb3 Ke6 21. e4 fxe4 22. dxe4 Kd7 23. f3 Kc6 24. Rfb1 Re7 25. Bg5 Reb7 26. f4 Bd4 27. g4 Rh8 28. Bh4 Rg7 29. Bg3 h5 30. g5 Re7 31. Re1 h4 32. Bf2 h3+ 33. Kf3 Rf8 34. Bg3 Rfe8 35. Ra3 Kb7 36. Ra2 Bc3 37. Re3 Bd4 38. Ree2 Kc6 39. f5 gxf5 40. exf5 Rxe2 41. Rxe2 Rxe2 42. Kxe2 d5 43. f6 0-1